[Event "Stavanger op B"]
[Site "Stavanger"]
[Date "2013.05.??"]
[Round "1"]
[White "Harkestad, Inge"]
[Black "Ellingsen, Ludvig Brannsether"]
[Result "1/2-1/2"]
[WhiteElo "1597"]
[BlackElo "1275"]
[PlyCount "96"]
[EventDate "2013.05.08"]
[EventType "swiss"]
[EventRounds "6"]
[EventCountry "NOR"]
[SourceTitle "EXT 2024"]
[Source "ChessBase"]
[SourceDate "2023.10.10"]
[SourceVersion "1"]
[SourceVersionDate "2023.10.10"]
[SourceQuality "1"]

1. d4 d5 2. c4 e6 3. Nc3 Nf6 4. cxd5 Nxd5 5. e4 Nxc3 6. bxc3 c5 7. Nf3 cxd4 8. cxd4 Nc6 9. a3 Be7 10. Bd3 0-0 11. Bc2 b6 12. 0-0 Ba6 13. Re1 Rc8 14. Bf4 Bf6 15. e5 Bh4 16. Rc1 Be7 17. Be4 Na5 18. Bd3 Rxc1 19. Bxc1 Bxd3 20. Qxd3 Qc7 21. Ng5 Bxg5 22. Bxg5 Rc8 23. h3 h6 24. Bd2 Qc4 25. Qg3 Kh7 26. Qf4 Nb3 27. Bb4 Kg8 28. Re4 Qc1+ 29. Kh2 Qxf4+ 30. Rxf4 Rc4 31. Rf3 Na1 32. Rc3 Rxc3 33. Bxc3 Nc2 34. Bb2 Kf8 35. Kg3 Ke7 36. Kf4 Ne1 37. Bc3 Nc2 38. Ke4 Kd7 39. Bb2 Kc6 40. f4 h5 41. g4 hxg4 42. hxg4 g6 43. Kd3 Ne1+ 44. Ke4 Nc2 45. Kd3 Ne1+ 46. Ke4 Nc2 47. Kd3 Ne1+ 48. Ke4 Nc2 1/2-1/2